000
00318nam a2200133Ia 4500
008
200103s9999||||xx |||||||||||||| ||und||
040
_a
IMU-MPC
082
_a
Column-30
100
_a
talbot, A. E.
245
0
_a
Heat engine Calculations
260
_b
Pitman Publishing, London
_c
1945
300
_a
vi, 90
942
_c
BK
999
_c
7340
_d
7340